Quality and Reliability in Building Industry IV. International Scientific Conference : proceedings : Levoča, October 17.-19. 2006

Bibliographic Details
Corporate Author: Quality and Reliability in Building Industry Levoča, Slovensko
Format: Conference Proceeding Book
Language:English
German
PhysicalDescription:448 s. fotogr., grafy, sch., tab. 21 cm
Published: Košice Technická univerzita 2006
ISBN:8080735948 (brož.)
Edition:[1st ed.]
Subjects:

MARC

LEADER 00000nam a2200000 a 4500
001 vtls008936870
003 SK-MaSNL
005 20260301022814.0
008 160610s2006 xo odl f a 100 0 eng
015 |a SNBA2007/04-01154 
020 |a 8080735948 (brož.) 
035 |a 34FB2691-C6F0-4A82-84E9-80A5A75D4C4F 
035 |a urn:nbn:sk:snk-amlfu1 
035 |a urn:nbn:sk:snk-am00943i 
040 |a SNK  |b slo  |c SNK  |e AACR2 
041 0 |a eng  |a ger  |b eng  |b ger 
044 |a xo  |c SK 
072 7 |a 69  |x Stavebníctvo  |2 konspekt 
080 |a 005.336.3  |2 2001 
080 |a (062.534)  |2 2001 
080 |a 62-027.45  |2 2001 
080 |a 69  |2 2001 
111 2 |a Quality and Reliability in Building Industry  |n (4. :  |d 2006 :  |c Levoča, Slovensko)  |9 314107 
245 1 0 |a Quality and Reliability in Building Industry  |b IV. International Scientific Conference : proceedings : Levoča, October 17.-19. 2006  |c [autori: kolektív] 
250 |a [1st ed.] 
260 |a Košice  |b Technická univerzita  |c 2006 
300 |a 448 s.  |b fotogr., grafy, sch., tab.  |c 21 cm 
366 |e 80 výtl. 
504 |a Bibliogr. odkazy. Na obale a v tiráži súbež. náz. slov. 
546 |a Čiast. text nem. Res. angl. a nem. 
650 0 7 |a stavebníctvo  |2 SNKPH  |9 726 
650 0 7 |a Construction industry  |2 SNKPHeng  |9 265212 
650 0 7 |a Quality  |2 SNKPHeng  |9 265507 
650 0 7 |a kvalita  |2 SNKPH  |9 1150 
650 0 7 |a spoľahlivosť (technika)  |2 SNKPH  |9 3549 
650 0 7 |a Reliability (engineering)  |2 SNKPHeng  |9 314108 
655 7 |a zborníky konferencií  |2 SNKPH  |9 70153 
655 7 |a Proceedings of conferences  |2 SNKPHeng  |9 265791 
919 |a 80-8073-594-8 
958 |a NB 
958 |a OND 
968 |d 66/69 
999 |c 567973  |d 569903 
952 |a SNK  |b SNK  |y PREZ  |7 0  |p 17A0537588  |o snkSC 126322  |i snk2007/1645  |8 0  |0 0  |1 0  |4 0  |d 2007-01-18  |f 1  |l 0  |r 2025-06-11 00:00:00  |w 2026-02-23 
952 |a SNK  |b SNK  |y VYP  |7 0  |p 17A0537587  |o snkSC 126322 D1  |i snk2007/1646  |8 0  |0 0  |1 0  |4 0  |d 2007-01-18  |l 0  |r 2026-02-23 14:04:18  |w 2026-02-23